Las tentaciones de San Antonio y el judío de Sintra / (Record no. 177366)

MARC details
000 -LEADER
campo de control de longitud fija 00637nam a22001815i 4500
001 - NÚMERO DE CONTROL
campo de control 177366
003 - IDENTIFICADOR DE NÚMERO DE CONTROL
campo de control ES-MaACL
005 - FECHA Y HORA DE LA ÚLTIMA TRANSACCIÓN
campo de control 20230906220319.0
008 - DATOS DE LONGITUD FIJA--INFORMACIÓN GENERAL
campo de control de longitud fija 110318s2010 po |||| | spa d
080 ## - NÚMERO DE LA CLASIFICACIÓN DECIMAL UNIVERSAL
Número de la Clasificación Decimal Universal 27 Antonio, Santo
100 1# - ENTRADA PRINCIPAL--NOMBRE DE PERSONA
Nombre de persona Escudero Ríos, Antonio José.
9 (RLIN) 47710
245 14 - MENCIÓN DEL TÍTULO
Título Las tentaciones de San Antonio y el judío de Sintra /
Mención de responsabilidad, etc. Antonio José Escudero Ríos.
260 ## - PUBLICACIÓN, DISTRIBUCIÓN, ETC.
Lugar de publicación, distribución, etc. Vila Viçosa :
Nombre del editor, distribuidor, etc. Câmara Municipal de Vila Viçosa,
Fecha de publicación, distribución, etc. [2010]
300 ## - DESCRIPCIÓN FÍSICA
Extensión p. 133-134 ;
Dimensiones 24 cm.
595 ## -
-- Separata de: Callipole, revista de cultura,, nº 18 -2010.
600 04 - PUNTO DE ACCESO ADICIONAL DE MATERIA--NOMBRE DE PERSONA
Nombre de persona Antonio
Títulos y otros términos asociados al nombre Santo.
9 (RLIN) 145700
852 ## - LOCALIZACIÓN
Ubicación ES-MaACL
Número de control de estantería 2275-F-13
Holdings
Estatus retirado Estado de pérdida Estado de daño No para préstamo Colección Biblioteca de origen Biblioteca actual Ubicación en estantería Fecha de adquisición Fuente de adquisición Total de préstamos Signatura topográfica completa Código de barras Visto por última vez Precio de reemplazo Tipo de ítem Koha
        Colección de folletos Biblioteca del Ateneo de Madrid Biblioteca del Ateneo de Madrid Depósito folletos 18/03/2011     2275-F-13 1186288 23/02/2023 23/02/2023 Folleto